000 00963cam a2200265 a 4500
003 CO-ViMGA
005 20230915224041.0
008 010124s1987 sp r 00011 spa d
020 _a8426111203
035 _aAHC6932 LA
040 _aCO-ViMGA
_bspa
_cCO-ViMGA
041 1 _aspa
_hfre
043 _ae-fr---
082 0 4 _a847.32
_bR113
100 1 _aRabelais, Francois,
_d1494-1553.
_911685
245 1 0 _aGargantúa /
_cFrancois Rabelais ; primera y única traducción española completa, y del francés antiguo, tal como la escribió Rabelais, según las ediciones de Lyón de 1535 y de Amsterdam de 1659 por Antonio García-Die Miralles de Imperial.
250 _a2a. ed.
260 _aBarcelona :
_bEditorial Juventud,
_c1987.
300 _a285 p. ;
_c18 cm.
440 3 _aColección Libros de bolsillo Z ;
_v192
_911686
650 1 4 _aHumorismo francés.
_911688
650 1 4 _aSátira francesa.
_911687
942 _2ddc
_cBK
949 _an
_bn
999 _c11254
_d11254